000 00539nam a2200193 a 4500
001 000040198
005 20201002033958.0
008 130814s1993 sp ac 000 0 spa d
020 _a8472392562
040 _aDO-SdBNP
_bspa
_cBNPHU
100 1 _aRuiz, Alfonso
_966465
245 1 0 _aAsi era Teresa /
_cAlfonso Ruiz.
246 1 4 _aAsi era Teresa de Jesus
250 _a2a. ed.
260 _aBurgos :
_bEditorial Monte Carmelo,
_c1993.
300 _a213 p. :
_bil., retrs. ;
_c20 cm.
490 1 _aAsi era
_v1
830 0 _aAsi era
_v1
_966466
999 _c39688
_d39688